000 00453nab a22001457 4500
003 ES-SlBCS
005 20210327224144.0
008 160629r2016 sp ||||| |||| 00| 0 spa d
040 _aES-SlBCS
_bspa
041 _aspa
100 1 _aSaint-Arnaud, Guy-Robert
_9107028
245 1 4 _aLas huellas del sufrimiento: el desafío de la variedad
_cGuy-Robert St-Arnaud
773 0 _gNúm. 366, 2016, págs. 35-48
_tConcilium
_wRev134
_x0210-1041
942 _2lcc
_cAR
999 _c468449
_d468449